[Event "Baku op"]
[Site "Baku"]
[Date "2018.11.30"]
[Round "7"]
[White "Bashirli, Nail Qoshqar"]
[Black "Gasanov, Zaur"]
[Result "1/2-1/2"]
[WhiteElo "2331"]
[BlackElo "2195"]
[PlyCount "79"]
[EventDate "2018.11.24"]
[EventType "swiss"]
[EventRounds "9"]
[EventCountry "AZE"]
[SourceTitle "CBM 187 Extra"]
[Source "ChessBase"]
[SourceDate "2018.11.04"]
[SourceVersion "1"]
[SourceVersionDate "2018.11.04"]
[SourceQuality "1"]

1. e4 c5 2. Nf3 e6 3. Nc3 a6 4. d4 cxd4 5. Nxd4 Qc7 6. Be3 Nc6 7. Qf3 Nf6 8. 0-0-0 Nxd4 9. Bxd4 e5 10. Be3 d6 11. Bd3 b5 12. Qg3 Be6 13. Nd5 Nxd5 14. exd5 Bxd5 15. f4 e4 16. Rhe1 f5 17. Qh3 Qf7 18. Be2 g6 19. Bd4 Rg8 20. g4 Be6 21. Qa3 Bc4 22. gxf5 gxf5 23. Bxc4 Qxc4 24. Qh3 Qf7 25. Rg1 Rg6 26. b3 Rc8 27. Rg5 Rxg5 28. fxg5 Kd7 29. Bf6 Ke6 30. Qe3 Qc7 31. c3 Bg7 32. Kb2 Bxf6 33. gxf6 Qc5 34. Rd4 Qe5 35. Qh6 b4 36. f7+ Kxf7 37. Qxh7+ Kf8 38. Qh6+ Ke7 39. Qh7+ Kf8 40. Qh6+ 1/2-1/2

[Event "Marmaris Karya 3rd"]
[Site "Marmaris"]
[Date "2018.10.30"]
[Round "10.4"]
[White "Bagaturov, Giorgi"]
[Black "Gasanov, Zaur"]
[Result "1-0"]
[WhiteElo "2417"]
[BlackElo "2195"]
[PlyCount "105"]
[EventDate "2018.10.26"]
[EventType "schev"]
[EventRounds "10"]
[EventCountry "TUR"]
[SourceTitle "CBM 187 Extra"]
[Source "ChessBase"]
[SourceDate "2018.11.04"]
[SourceVersion "1"]
[SourceVersionDate "2018.11.04"]
[SourceQuality "1"]

1. c4 Nf6 2. Nc3 d5 3. cxd5 Nxd5 4. g3 g6 5. Bg2 Nb6 6. Nf3 Bg7 7. 0-0 0-0 8. d3 Nc6 9. Be3 h6 10. Qd2 Kh7 11. Rfd1 e5 12. a4 Nd4 13. Bxd4 exd4 14. Ne4 c6 15. a5 Nd5 16. Ra4 Nc7 17. Rc1 a6 18. Qc2 Nb5 19. Nfd2 Qe7 20. Qc5 Re8 21. Bf3 Bf5 22. Qxe7 Rxe7 23. Nc5 h5 24. h4 Bh6 25. Rc2 Bg7 26. Nc4 Rd8 27. Na3 Bg4 28. Kg2 Bxf3+ 29. Kxf3 Rd5 30. Nxb5 cxb5 31. Ra1 Rf5+ 32. Kg2 Rc7 33. Rac1 Bh6 34. f4 Kg8 35. Nb3 Rd7 36. Rc8+ Bf8 37. Nc5 Re7 38. Ne4 Kg7 39. Rd8 f6 40. b4 g5 41. Rcc8 Rf7 42. hxg5 fxg5 43. Nxg5 Re7 44. Ne4 h4 45. Kf3 h3 46. g4 h2 47. Rc1 Rff7 48. Rd5 Re6 49. Rxd4 Rh6 50. Rh1 Rh3+ 51. Kg2 Re3 52. Kf2 Rh3 53. Ng5 1-0

[Event "Marmaris Karya 3rd"]
[Site "Marmaris"]
[Date "2018.10.28"]
[Round "5.4"]
[White "Gasanov, Zaur"]
[Black "Bagaturov, Giorgi"]
[Result "1/2-1/2"]
[WhiteElo "2195"]
[BlackElo "2417"]
[PlyCount "105"]
[EventDate "2018.10.26"]
[EventType "schev"]
[EventRounds "10"]
[EventCountry "TUR"]
[SourceTitle "CBM 187 Extra"]
[Source "ChessBase"]
[SourceDate "2018.11.04"]
[SourceVersion "1"]
[SourceVersionDate "2018.11.04"]
[SourceQuality "1"]

1. e4 c5 2. Nf3 d6 3. d4 cxd4 4. Nxd4 Nf6 5. Nc3 Nc6 6. f3 e5 7. Nb3 Be7 8. Be3 0-0 9. Qd2 Be6 10. Nd5 Bxd5 11. exd5 Nb8 12. c4 Nbd7 13. Be2 b6 14. 0-0 Ne8 15. Rac1 a5 16. f4 a4 17. Na1 exf4 18. Bxf4 Bf6 19. b3 axb3 20. axb3 Nc5 21. Qd1 Bxa1 22. Rxa1 Rxa1 23. Qxa1 Nxb3 24. Qb2 Nc5 25. Rb1 Qe7 26. Bf1 Nf6 27. Qxb6 Nfe4 28. Re1 Qf6 29. Be3 h6 30. Bxc5 Nxc5 31. Kh1 Ra8 32. Qb5 g6 33. h3 Kg7 34. Qb1 Ra3 35. Qc1 Ra2 36. Qe3 Ra1 37. Rxa1 Qxa1 38. Kg1 h5 39. Kf2 Qf6+ 40. Kg1 Qb2 41. Be2 Kf6 42. Qf2+ Ke7 43. g4 hxg4 44. hxg4 Qe5 45. Kg2 Qe4+ 46. Bf3 Qxc4 47. Qh4+ Ke8 48. Qh8+ Kd7 49. Qf6 Ke8 50. Qxd6 Nd7 51. Qa3 Qc2+ 52. Kg3 Qc5 53. Qa8+ 1/2-1/2